[Event "SR 3. liga A2 2008/2009"]
[Site "?"]
[Date "2008.12.14"]
[Round "4.7"]
[White "Skocik, Jozef"]
[Black "Mackovic, Miroslav"]
[Result "1/2-1/2"]
[WhiteElo "1863"]
[BlackElo "1972"]
[PlyCount "112"]
[EventDate "2008.??.??"]

1. e4 c5 2. Nc3 Nc6 3. g3 Nf6 4. Bg2 e6 5. Nge2 d5 6. exd5 exd5 7. O-O d4 8.
Ne4 Be7 9. d3 O-O 10. Bg5 Bg4 11. Bxf6 Bxf6 12. Nxc5 Qe7 13. Ne4 Bg5 14. f3
Be3+ 15. Kh1 Be6 16. f4 f6 17. a3 Rac8 18. c4 a5 19. Rb1 b6 20. Qa4 Qd7 21. b4
axb4 22. axb4 Bh3 23. Qb5 Bxg2+ 24. Kxg2 Rb8 25. Ra1 Rfc8 26. Ra6 Qg4 27. Rf3
Ne7 28. h3 Qg6 29. f5 Qe8 30. Qxe8+ Rxe8 31. Rf1 Nc6 32. Rb1 Ne5 33. Rb3 Nxc4
34. Nxf6+ gxf6 35. dxc4 Rec8 36. Kf3 Rxc4 37. Ke4 Re8+ 38. Kd3 b5 39. Rb6 Rcc8
40. Rxb5 Bf2 41. Kd2 Re4 42. Rf3 Be3+ 43. Kd3 Re5 44. Rc5 Rexc5 45. bxc5 Rxc5
46. Nxd4 Bxd4 47. Kxd4 Ra5 $11 48. Ke3 Ra3+ 49. Kf2 Ra2+ 50. Kg1 Ra5 51. Kg2
Kg7 52. h4 h5 53. Rf4 Kh6 54. Kh3 Ra3 55. Kg2 Ra5 56. Kf3 Ra3+ 1/2-1/2

[Event "SR 3. liga A2 2008/2009"]
[Site "?"]
[Date "2008.12.14"]
[Round "4.8"]
[White "Mackovic, Matus"]
[Black "Niznansky, Lukas"]
[Result "1-0"]
[WhiteElo "1678"]
[BlackElo "1479"]
[PlyCount "67"]
[EventDate "2008.??.??"]

1. e4 e5 2. Nf3 Nc6 3. Bb5 a6 4. Ba4 Nf6 5. O-O Bc5 6. d3 b5 7. Bb3 O-O 8. c3
d6 9. h3 Bd7 10. Re1 Re8 11. Nbd2 Na5 12. Bc2 c6 13. b4 Bxb4 14. cxb4 Nb7 15.
Nf1 h6 16. Be3 d5 17. exd5 cxd5 18. d4 e4 19. N3d2 Qe7 20. a3 Rac8 21. Nb3 Rc7
22. Nc5 Nxc5 23. dxc5 Bc6 24. Bb3 Rd8 25. Bf4 Rcc8 26. Bd6 Qd7 27. Ne3 Qe6 28.
Qd4 Rd7 29. Rad1 Rcd8 30. Nxd5 Ne8 31. Rxe4 Qf5 32. Ne7+ Rxe7 33. Rxe7 Rxd6 34.
cxd6 1-0

[Event "SR 3. liga A2 2008/2009"]
[Site "?"]
[Date "2008.12.14"]
[Round "4.1"]
[White "Klanica, Anton"]
[Black "Frank, Jozsef"]
[Result "1/2-1/2"]
[WhiteElo "1956"]
[BlackElo "2173"]
[PlyCount "109"]
[EventDate "2008.??.??"]

1. e4 a6 2. d4 b5 3. Be3 Bb7 4. Nd2 Nf6 5. Bd3 d6 6. f3 Nbd7 7. c3 g6 8. Ne2
Bg7 9. O-O O-O 10. Rc1 c5 11. Bc2 Rc8 12. Bb1 e5 13. dxc5 dxc5 14. c4 b4 15.
Qc2 Qc7 16. Rfd1 Rfd8 17. Nf1 Nf8 18. Rxd8 Rxd8 19. Rd1 Ne6 20. Rxd8+ Qxd8 21.
Kf2 a5 22. Qd2 Nd4 23. Bg5 h6 24. Bxf6 Bxf6 25. Qd1 Ba6 26. b3 a4 27. Ne3 a3
28. Nd5 Bg7 29. g3 Bc8 30. Bd3 Qg5 31. h4 Qd8 32. Nxd4 exd4 33. Qd2 g5 34. hxg5
hxg5 35. Qc1 Be6 36. Qh1 Bxd5 37. exd5 Qd6 38. Qh5 Qe7 39. Qh7+ Kf8 40. Qe4 Be5
41. Kg2 Qd6 42. Qg4 Qh6 43. Qc8+ Kg7 44. Qf5 Bd6 45. Qg4 Be7 46. Qh3 Qxh3+ 47.
Kxh3 Kf6 48. Kg4 Ke5 49. f4+ gxf4 50. gxf4+ Kf6 51. Bf5 Bd6 52. Bc8 d3 53. Bf5
d2 54. Bc2 Bf8 55. Kf3 1/2-1/2

[Event "SR 3. liga A2 2008/2009"]
[Site "?"]
[Date "2008.12.14"]
[Round "4.2"]
[White "Ivan, Imrich ml"]
[Black "Hagara, Vladimir"]
[Result "1-0"]
[WhiteElo "2049"]
[BlackElo "1969"]
[PlyCount "47"]
[EventDate "2008.??.??"]

1. Nf3 Nf6 2. d4 d5 3. Bf4 Nbd7 4. e3 c6 5. Ne5 e6 6. Bd3 Be7 7. O-O O-O 8. Nd2
c5 9. c3 Re8 10. g4 g6 11. Qf3 c4 12. Bc2 Nxe5 13. dxe5 Nd7 14. Rad1 Nb6 15.
Qg3 Bd7 16. g5 Bc6 17. Ne4 Nd7 18. Nf6+ Nxf6 19. gxf6 Bf8 20. h4 Qb6 21. h5
Rec8 22. hxg6 fxg6 23. Bxg6 Kh8 24. Bf7 1-0

[Event "SR 3. liga A2 2008/2009"]
[Site "?"]
[Date "2008.12.14"]
[Round "4.3"]
[White "Bahna, Jan"]
[Black "Csefalvay, Stefan"]
[Result "1-0"]
[WhiteElo "1935"]
[BlackElo "1965"]
[PlyCount "61"]
[EventDate "2008.??.??"]

1. e4 c5 2. Nc3 Nc6 3. g3 g6 4. Bg2 Bg7 5. d3 e6 6. Nge2 Nge7 7. O-O O-O 8. Be3
b6 9. Qd2 Bb7 10. Bh6 a6 11. Rae1 Na5 12. Bxg7 Kxg7 13. f4 d5 14. exd5 exd5 15.
b3 d4 16. Ne4 Nd5 17. f5 f6 18. Nf4 Nxf4 19. Qxf4 g5 20. Qg4 Bxe4 21. Rxe4 Ra7
22. h4 h6 23. Qh5 Kg8 24. Qxh6 Rh7 25. Qg6+ Rg7 26. Qh5 Nc6 27. hxg5 Rxg5 28.
Rg4 Ne5 29. Rxg5+ fxg5 30. f6 Nf7 31. Qg6+ 1-0

[Event "SR 3. liga A2 2008/2009"]
[Site "?"]
[Date "2008.12.14"]
[Round "4.4"]
[White "Vizvari, Ludovit"]
[Black "Holicky, Miroslav"]
[Result "0-1"]
[WhiteElo "2039"]
[BlackElo "1872"]
[PlyCount "102"]
[EventDate "2008.??.??"]

1. d4 b5 2. e3 a6 3. Nf3 Bb7 4. c4 bxc4 5. Bxc4 e6 6. O-O Nf6 7. Nc3 Be7 8. a3
a5 9. Re1 O-O 10. e4 c5 11. d5 exd5 12. exd5 d6 13. h3 Nbd7 14. Bg5 Nb6 15. b3
Nfxd5 16. Nxd5 Bxg5 17. Nxg5 Qxg5 18. f4 Qd8 19. Qd3 Nxd5 20. Bxd5 Bxd5 21.
Qxd5 Qf6 22. Rad1 Rfd8 23. f5 h6 24. Rd3 Kf8 25. Red1 Ra7 26. Qc6 Kg8 27. Qb6
Raa8 28. Rxd6 Rxd6 29. Rxd6 Qa1+ 30. Kh2 Qe5+ 31. Kh1 Qa1+ 32. Kh2 Qxa3 33. f6
Qb4 34. Qxb4 cxb4 35. fxg7 Kxg7 36. Rb6 f6 37. Rb5 Kg6 38. h4 f5 39. Kg1 Kh5
40. Rxf5+ Kxh4 41. Kf2 Kg4 42. Rf3 Rc8 43. Rg3+ Kf4 44. Rf3+ Ke4 45. Re3+ Kd4
46. Re6 h5 47. Kf3 Rc3+ 48. Kf4 Rxb3 49. Re5 a4 50. Rxh5 a3 51. g4 a2 0-1

[Event "SR 3. liga A2 2008/2009"]
[Site "?"]
[Date "2008.12.14"]
[Round "4.5"]
[White "Puskas, Miroslav"]
[Black "Szitasi, Janos"]
[Result "0-1"]
[WhiteElo "2001"]
[BlackElo "1972"]
[PlyCount "54"]
[EventDate "2008.??.??"]

1. e4 c5 2. Nf3 d6 3. d4 cxd4 4. Nxd4 Nf6 5. Nc3 g6 6. Be3 Bg7 7. Qd2 Ng4 8.
Bb5+ Bd7 9. f3 Nxe3 10. Qxe3 Qb6 11. O-O-O Bxb5 12. Ncxb5 O-O 13. Qd3 Nd7 14.
Nc3 Nc5 15. Qb5 Bxd4 16. Rxd4 Nb3+ 17. axb3 Qxd4 18. Qg5 Qe5 19. Qd2 Rac8 20.
f4 Qa5 21. Kb1 Rc6 22. h4 Ra6 23. Kc1 Rc8 24. Nb1 Qxd2+ 25. Kxd2 Rac6 26. Nc3
h5 27. Rc1 a6 0-1

[Event "SR 3. liga A2 2008/2009"]
[Site "?"]
[Date "2008.12.14"]
[Round "4.6"]
[White "Vegh, Vince"]
[Black "Herega, Jozef"]
[Result "1/2-1/2"]
[WhiteElo "1917"]
[BlackElo "1880"]
[PlyCount "122"]
[EventDate "2008.??.??"]

1. e4 c5 2. Nf3 g6 3. d4 cxd4 4. Nxd4 Bg7 5. Nc3 Nc6 6. Be3 d6 7. f3 Nf6 8. Qd2
a5 9. Bc4 Ne5 10. Bb3 Bd7 11. h4 a4 12. Bd5 Nxd5 13. Nxd5 Nc4 14. Qb4 Nxe3 15.
Nxe3 Qa5 16. Qxa5 Rxa5 17. c3 O-O 18. g4 h5 19. g5 Rc8 20. Kd2 Be5 21. Nd5 Kf8
22. f4 Bxd4 23. cxd4 Rb5 24. Rab1 Be6 25. Nc3 Rb4 26. d5 Bd7 27. Rhc1 Rd4+ 28.
Ke3 Rdc4 29. a3 Bg4 30. Na2 Rc2 31. Nc3 Rh2 32. Rh1 Rxh1 33. Rxh1 b5 34. Rc1
Ke8 35. Na2 Rxc1 36. Nxc1 Kd7 37. Nd3 e6 $11 38. Kd4 Be2 39. Nb4 Bc4 40. e5 Kc7
41. dxe6 Bxe6 42. Nd5+ Kc6 43. exd6 Kxd6 44. Nc3 Bd7 45. Ne4+ Kc6 46. Ke5 Be6
47. Nc3 Kc5 48. Ne4+ Kc4 49. Nd6+ Kc5 50. f5 Bb3 51. fxg6 fxg6 52. Ne4+ Kc4 53.
Nd2+ Kd3 54. Nxb3 axb3 55. Kf6 Kc2 56. Kxg6 Kxb2 57. Kxh5 Kxa3 58. g6 b2 59. g7
b1=Q 60. g8=Q Qf5+ 61. Qg5 Qxg5+ 1/2-1/2

[Event "SR 3. liga A2 2008/2009"]
[Site "?"]
[Date "2008.12.14"]
[Round "4.7"]
[White "Steinecker, Frantisek"]
[Black "Ivan, Imrich st"]
[Result "1/2-1/2"]
[WhiteElo "1723"]
[BlackElo "1876"]
[PlyCount "148"]
[EventDate "2008.??.??"]

1. Nf3 d5 2. g3 c5 3. Bg2 Nc6 4. d4 Bf5 5. c3 e6 6. O-O Qb6 7. dxc5 Bxc5 8.
Nbd2 Nf6 9. Nh4 Bg6 10. Nb3 Be7 11. Nxg6 hxg6 12. Be3 Qb5 13. Qd3 Qxd3 14. exd3
Ng4 15. h3 Nxe3 16. fxe3 b6 17. Rf2 Rc8 18. Raf1 Bf6 19. d4 Rc7 20. Kh2 Ne7 21.
g4 g5 22. Nd2 Ng6 23. e4 dxe4 24. Nxe4 Nf4 25. Nd6+ Ke7 26. Ne4 Rh6 27. Rf3 Rc8
28. Rxf4 gxf4 29. g5 Bxg5 30. Nxg5 f6 31. Nf3 g5 32. Kg1 Kd6 33. Kf2 Rg6 34.
Nd2 f5 35. Nf3 g4 36. Ne5 Rg7 37. Rg1 gxh3 38. Bxh3 Rxg1 39. Kxg1 Rg8+ 40. Kf2
Rg3 41. Bg2 Ke7 42. Bf3 Rh3 43. Ng6+ Kd6 44. Nxf4 Rh2+ 45. Bg2 e5 46. dxe5+
Kxe5 47. Ke3 Rh6 48. a4 Rd6 49. Ne2 Rd1 50. b4 Ra1 51. Bc6 Rd1 52. Nd4 f4+ 53.
Ke2 Ra1 54. Kd3 Rd1+ 55. Kc4 Kd6 56. Bf3 Ra1 57. Nb5+ Ke5 58. Nxa7 Rxa4 59.
Nc6+ Kd6 60. Kb5 Ra3 61. Kc4 b5+ 62. Kd3 Ra6 63. Nd4 Rb6 64. Ke4 Rb8 65. Kxf4
Rb6 66. Be2 Kd5 67. Bxb5 Rh6 68. Nf5 Rf6 69. Kg5 Ke5 70. Nd4 Rf8 71. Bc6 Rg8+
72. Kh6 Kf6 73. Kh7 Rg3 74. Bd5 Rxc3 1/2-1/2

[Event "SR 3. liga A2 2008/2009"]
[Site "?"]
[Date "2008.12.14"]
[Round "4.8"]
[White "Magyarics, Jozef"]
[Black "Babirat, Michal"]
[Result "0-1"]
[WhiteElo "1549"]
[BlackElo "1588"]
[PlyCount "48"]
[EventDate "2008.??.??"]

1. e4 c5 2. Nf3 d6 3. d4 cxd4 4. Nxd4 Nf6 5. Nc3 a6 6. Bd3 Nc6 7. Nb3 g6 8. O-O
Bg7 9. Be3 Qc7 10. f4 b5 11. f5 Ne5 12. Nd4 Bb7 13. Qd2 Nc4 14. Qc1 b4 15. Nce2
Nxe4 16. Bxe4 Bxe4 17. Rf4 Nxe3 18. Rxe4 Nxf5 19. Nxf5 gxf5 20. Rxb4 Qc5+ 21.
Kh1 Qxb4 22. c3 Qh4 23. Qc2 Be5 24. h3 Qf2 0-1

[Event "SR 3. liga A2 2008/2009"]
[Site "?"]
[Date "2008.12.14"]
[Round "4.1"]
[White "Ambros, Rafael"]
[Black "Janko, Ladislav"]
[Result "0-1"]
[WhiteElo "2082"]
[BlackElo "2258"]
[PlyCount "62"]
[EventDate "2008.??.??"]

1. e4 c6 2. Nc3 d5 3. Nf3 g6 4. d4 Bg7 5. e5 Bg4 6. h3 Bxf3 7. Qxf3 e6 8. Be3
Nd7 9. O-O-O Ne7 10. g4 a6 11. Qg3 c5 12. f4 cxd4 13. Bxd4 Qc7 14. Bd3 Nc6 15.
Qf2 O-O 16. h4 f6 17. exf6 Nxf6 18. Bxf6 Bxf6 19. f5 Nb4 20. Qe3 Rae8 21. Ne2
exf5 22. Qd2 Qb6 23. c3 Nxd3+ 24. Qxd3 Qe3+ 25. Qxe3 Rxe3 26. Nf4 fxg4 27. Nxd5
Re2 28. Rhf1 Bxh4 29. Rxf8+ Kxf8 30. Nf4 Bg5 31. Rf1 Re4 0-1

[Event "SR 3. liga A2 2008/2009"]
[Site "?"]
[Date "2008.12.14"]
[Round "4.3"]
[White "Pribila, Gerhard"]
[Black "Kantor, Reka"]
[Result "1/2-1/2"]
[WhiteElo "2013"]
[BlackElo "1903"]
[PlyCount "94"]
[EventDate "2008.??.??"]

1. e4 e5 2. Nf3 Nc6 3. d4 exd4 4. Nxd4 Bc5 5. Nxc6 Qf6 6. Qf3 dxc6 7. Qf4 Bd6
8. Qxf6 Nxf6 9. Bd3 Be6 10. O-O O-O-O 11. h3 h6 12. Be3 c5 13. Nd2 Be5 14. Rfb1
Bd4 15. Bxd4 cxd4 16. f4 a6 17. a4 Rhe8 18. Nf3 c5 19. Ne5 Nd7 $11 20. Nxd7
Bxd7 21. b3 Bc6 22. e5 Bd5 23. Re1 Re7 24. Rec1 Kb8 25. c4 Bc6 26. Re1 Rde8 27.
Kf2 a5 28. Re2 Kc7 29. Rae1 b6 30. f5 Bd7 31. g4 Bc6 32. Kg3 Bb7 33. Kf4 Bc8
34. h4 Rg8 35. Rh2 f6 $11 36. Rhe2 fxe5+ 37. Rxe5 Rxe5 38. Rxe5 Kd6 39. Be4 Rf8
40. Rd5+ Kc7 41. g5 hxg5+ 42. hxg5 Rf7 43. Re5 Kd6 44. Rd5+ Kc7 45. Re5 Kd6 46.
Bd5 Rf8 47. Be4 Rf7 1/2-1/2

[Event "SR 3. liga A2 2008/2009"]
[Site "?"]
[Date "2008.12.14"]
[Round "4.4"]
[White "Szekely, Stefan"]
[Black "Kocak, Branislav"]
[Result "1/2-1/2"]
[WhiteElo "2038"]
[BlackElo "1896"]
[PlyCount "48"]
[EventDate "2008.??.??"]

1. c4 Nf6 2. Nc3 d6 3. Nf3 e5 4. d3 Nc6 5. g3 g6 6. Bg2 Bg7 7. Bg5 h6 8. Bd2
Bg4 9. Qc1 Qd7 10. h3 Be6 11. e4 a6 12. Nd5 g5 13. b4 Nd4 14. Nxd4 exd4 15. f4
Bxd5 16. cxd5 Nh5 17. g4 Nxf4 18. Bxf4 gxf4 19. Qxf4 Be5 20. Qf3 Qa4 21. O-O f6
22. Qf5 Qd7 23. Qg6+ Qf7 24. Qxf7+ Kxf7 1/2-1/2

[Event "SR 3. liga A2 2008/2009"]
[Site "?"]
[Date "2008.12.14"]
[Round "4.5"]
[White "Brunovsky, Peter"]
[Black "Puobis, Jozef"]
[Result "1-0"]
[WhiteElo "1753"]
[BlackElo "2015"]
[PlyCount "58"]
[EventDate "2008.??.??"]

1. d4 d5 2. c4 e6 3. Nf3 Nf6 4. g3 c6 5. Bg2 dxc4 6. O-O Nbd7 7. Qc2 Nb6 8.
Nbd2 Be7 9. Nxc4 Nxc4 10. Qxc4 Qd5 11. Ne5 Qxc4 12. Nxc4 O-O 13. b3 Bd7 14. Bb2
Rad8 15. e4 Bc8 16. Rfd1 Nd7 17. d5 exd5 18. exd5 cxd5 19. Rxd5 Nf6 20. Re5 Rd7
21. Bh3 Rc7 22. Bxc8 Rfxc8 23. Rae1 Bb4 24. R1e2 Kf8 25. a3 Be7 26. h3 a6 27.
Kg2 Rd8 28. Bc3 Nd5 29. Ba5 b6 {Èierny prekroèil èas.} 1-0

[Event "SR 3. liga A2 2008/2009"]
[Site "?"]
[Date "2008.12.14"]
[Round "4.6"]
[White "Kosar, Mikulas ml"]
[Black "Zajicek, Ferdinand"]
[Result "0-1"]
[WhiteElo "1891"]
[BlackElo "1946"]
[PlyCount "88"]
[EventDate "2008.??.??"]

1. e4 e5 2. Bc4 d6 3. Nf3 h6 4. d4 Nd7 5. Nc3 Ngf6 6. dxe5 dxe5 7. Bxf7+ Kxf7
8. Nxe5+ Kg8 9. Ng6 Bd6 10. Nxh8 Kxh8 11. O-O Ne5 12. h3 Be6 13. Be3 Nh7 14. f4
Nc4 15. Qf3 Qf8 16. Kh1 Nxe3 17. Qxe3 Bc5 18. Qg3 c6 19. Rad1 Bc4 20. Rf3 Rd8
21. Rxd8 Qxd8 22. Rd3 Bxd3 23. cxd3 Qd4 24. Qe1 Qxd3 25. e5 Qe3 26. Qxe3 Bxe3
27. Ne2 g6 28. g4 Kg7 29. Kg2 Nf8 30. Kf3 Bc5 31. f5 g5 32. Ng3 Bd4 33. Nh5+
Kf7 34. Ke4 Bxb2 35. Ng3 b5 36. Nf1 a5 37. Nd2 a4 38. e6+ Nxe6 39. fxe6+ Kxe6
40. Nf3 c5 41. Ne1 b4 42. Nd3 Bd4 43. Nc1 Bg1 44. Nd3 b3 0-1

[Event "SR 3. liga A2 2008/2009"]
[Site "?"]
[Date "2008.12.14"]
[Round "4.7"]
[White "Drska, Michal"]
[Black "Bott, Tamas"]
[Result "1-0"]
[WhiteElo "1350"]
[BlackElo "1807"]
[PlyCount "83"]
[EventDate "2008.??.??"]

1. e4 e5 2. Nf3 Nc6 3. d4 exd4 4. Bc4 Bc5 5. c3 dxc3 6. Bxf7+ Kxf7 7. Qd5+ Ke8
8. Qh5+ g6 9. Qxc5 Qe7 10. Qxc3 Qxe4+ 11. Be3 Qb4 12. O-O Qxc3 13. Nxc3 Nge7
14. Rfe1 h6 15. Nd5 Kd8 16. Nxe7 Nxe7 17. Ne5 Rh7 18. Bxh6 d6 19. Rad1 Ke8 20.
Nxg6 Rxh6 21. Rxe7+ Kd8 22. Rg7 Bd7 23. Re1 Be8 24. Rg8 Kd7 25. Re7+ Kc6 26.
Nf4 Rf6 27. Rxc7+ Kb5 28. Rxb7+ Ka6 29. Rb4 Rc8 30. h3 Rc1+ 31. Kh2 Bc6 32. Rg3
Ka5 33. a3 Rc2 34. Rg5+ d5 35. Nxd5 Bxd5 36. Rxd5+ Ka6 37. f4 Rg6 38. Rg5 Rh6
39. f5 Rc5 40. Rg6+ Ka5 41. Rxh6 a6 42. Rxa6+ 1-0

[Event "SR 3. liga A2 2008/2009"]
[Site "?"]
[Date "2008.12.14"]
[Round "4.8"]
[White "Kosar, Mikulas st"]
[Black "Valla, Tomas"]
[Result "1/2-1/2"]
[WhiteElo "1862"]
[BlackElo "1350"]
[PlyCount "74"]
[EventDate "2008.??.??"]

1. e4 c5 2. d4 cxd4 3. Qxd4 Nc6 4. Qd1 Nf6 5. Bd3 d6 6. Nf3 g6 7. Nc3 Bg7 8.
O-O O-O 9. Re1 Bg4 10. h3 Bxf3 11. Qxf3 Rc8 12. Bg5 Re8 13. Qd1 Qa5 14. Bd2 Qb4
15. Rb1 Qa5 16. a3 a6 17. Nd5 Qd8 18. c3 Ne5 19. Bc2 Nc4 20. Bc1 Nxd5 21. Qxd5
e6 22. Qxb7 Qa5 23. Qb3 Qc5 24. Bd3 Na5 25. Qd1 Qc6 26. Qe2 Ra8 27. Bc2 Reb8
28. Qd1 Rb7 29. Ba4 Qc7 30. Be3 Rab8 31. Re2 Bxc3 32. Bd4 Qc4 33. Bxc3 Qxc3 34.
Qc2 Qe5 35. b4 Rb6 36. Ree1 Nb7 37. Qd3 a5 1/2-1/2

[Event "SR 3. liga A2 2008/2009"]
[Site "?"]
[Date "2008.12.14"]
[Round "4.1"]
[White "Provaznik, Michal"]
[Black "Csiba, Dominik"]
[Result "1-0"]
[WhiteElo "2196"]
[BlackElo "2169"]
[PlyCount "97"]
[EventDate "2008.??.??"]

1. Nf3 Nf6 2. d4 g6 3. g3 Bg7 4. Bg2 O-O 5. O-O d5 6. b3 c5 7. e3 Nc6 8. Bb2
Ne4 9. Nbd2 b5 10. Ne5 Nxe5 11. dxe5 Bb7 12. Nxe4 dxe4 13. Qg4 Qc8 14. Qh4 Qc6
15. Rfd1 Rfe8 16. c4 bxc4 17. bxc4 f5 18. exf6 exf6 19. Bh3 Rad8 20. Rd5 Qb6
21. Rxd8 Rxd8 22. Bc3 Rd3 23. Rc1 Qd6 24. Bf1 Rd1 25. Rxd1 Qxd1 26. Bxf6 Qd6
27. Bxg7 Kxg7 28. Qf4 Qxf4 29. gxf4 Kf6 30. Kg2 g5 31. Kg3 Kf5 32. fxg5 Kxg5
33. Be2 Ba6 34. Bf1 Bb7 35. h4+ Kf5 36. Be2 Ba6 37. a3 Bb7 38. Bd1 Ba6 39. Bb3
Ke5 40. Kg4 Bc8+ 41. Kg5 Be6 42. Ba2 Bh3 43. Kh6 Kf5 44. Kxh7 Kg4 45. Kg6 Kxh4
46. Bb1 Bf1 47. Bxe4 Bxc4 48. Kf5 Bb3 49. Ke5 1-0

[Event "SR 3. liga A2 2008/2009"]
[Site "?"]
[Date "2008.12.14"]
[Round "4.2"]
[White "Lesny, Stefan"]
[Black "Horak, Ivan"]
[Result "0-1"]
[WhiteElo "2105"]
[BlackElo "2130"]
[PlyCount "98"]
[EventDate "2008.??.??"]

1. e4 c5 2. f4 Nc6 3. Nf3 e6 4. c3 Nf6 5. d3 d5 6. e5 Nd7 7. g3 Be7 8. Bg2 O-O
9. O-O a6 10. Qe2 Qc7 11. Nbd2 b5 12. Re1 Nb6 13. b3 Bb7 14. Bb2 Rab8 15. Rac1
Rfe8 16. Nf1 c4 17. d4 Bf8 18. Ne3 a5 19. f5 exf5 20. Nxf5 f6 21. Rcd1 Bc8 22.
Nd6 Bxd6 23. exd6 Rxe2 24. dxc7 Rxe1+ 25. Rxe1 Rb7 26. bxc4 bxc4 27. Ba3 Kf7
28. Bd6 Na4 29. Nd2 Nxc3 30. Nxc4 Nxd4 31. Nxa5 Rb5 32. Re7+ Kg6 33. Nb3 Nf5
34. Bf1 Nxd6 35. Bxb5 Ncxb5 36. a4 Nc3 37. Nc5 Nce4 38. Nd7 d4 39. Nb6 d3 40.
Rxe4 Nxe4 41. Nxc8 d2 42. Ne7+ Kf7 43. c8=Q d1=Q+ 44. Kg2 Qe2+ 45. Kh3 Ng5+ 46.
Kh4 Qxh2+ 47. Kg4 Qe2+ 48. Kh4 Qh2+ 49. Kg4 h5+ 0-1

[Event "SR 3. liga A2 2008/2009"]
[Site "?"]
[Date "2008.12.14"]
[Round "4.3"]
[White "Kovarik, Oto"]
[Black "Kolesar, Rastislav"]
[Result "1/2-1/2"]
[WhiteElo "2052"]
[BlackElo "1978"]
[PlyCount "78"]
[EventDate "2008.??.??"]

1. e4 c6 2. d4 d5 3. exd5 cxd5 4. Bd3 Nc6 5. c3 Nf6 6. h3 e6 7. Nf3 Qc7 8. O-O
Be7 9. Re1 O-O 10. Nbd2 a6 11. a4 Bd7 12. Ne5 Rfc8 13. f4 g6 14. Ndf3 Ne8 15.
Qe2 Nd6 16. Nxd7 Qxd7 17. Ne5 Qd8 18. Rf1 Na5 19. Be3 Ndc4 20. Rae1 Nxe3 21.
Qxe3 Nc4 22. Bxc4 dxc4 23. Nxf7 Kxf7 24. Qxe6+ Ke8 25. Qg8+ Kd7 26. Qxh7 Rc6
27. f5 Rf6 28. fxg6 Rxf1+ 29. Rxf1 Qg8 30. Qh5 Qe6 31. d5 Qe3+ 32. Kh1 Rf8 33.
Qg4+ Kd8 34. Qxc4 Qg3 35. Rxf8+ Bxf8 36. Qe4 Bd6 37. Kg1 Bc5+ 38. Kh1 Bd6 39.
Kg1 Bc5+ 1/2-1/2

[Event "SR 3. liga A2 2008/2009"]
[Site "?"]
[Date "2008.12.14"]
[Round "4.4"]
[White "Csiba, Peter"]
[Black "Bilovsky, Milan"]
[Result "0-1"]
[WhiteElo "2041"]
[BlackElo "1911"]
[PlyCount "90"]
[EventDate "2008.??.??"]

1. e4 c5 2. Nf3 Nc6 3. d4 cxd4 4. Nxd4 e6 5. Bc4 Nf6 6. Nc3 Be7 7. O-O O-O 8.
Be3 a6 9. a4 d5 10. exd5 Nxd5 11. Nxd5 exd5 12. Bd3 Bf6 13. Nxc6 bxc6 14. Bc5
Re8 15. c3 g6 16. a5 Be6 17. Qa4 Qd7 18. Qf4 Be7 19. Bd4 c5 20. Be5 f6 21. Bc7
Rac8 22. Bb6 Bd6 23. Qxf6 Rf8 24. Qh4 Rf4 25. Qg5 Rcf8 26. Rae1 Rg4 27. Qe3 Re8
28. f3 Rxg2+ 29. Kxg2 Bh3+ 30. Kg1 Rxe3 31. Rxe3 Bxf1 32. Bxf1 c4 33. Re2 Qb5
34. Bh3 Bc5+ 35. Kg2 Kg7 36. Bc7 h5 37. Kf1 Qa4 38. Be5+ Kh7 39. Bg3 Qd1+ 40.
Be1 d4 41. cxd4 Qxd4 42. Bf2 Qd1+ 43. Be1 Bb4 44. Kf2 Bxe1+ 45. Rxe1 Qd4+ 0-1

[Event "SR 3. liga A2 2008/2009"]
[Site "?"]
[Date "2008.12.14"]
[Round "4.5"]
[White "Jozefovic, Milan"]
[Black "Ujhelyi, Matus"]
[Result "1-0"]
[WhiteElo "1894"]
[BlackElo "1926"]
[PlyCount "75"]
[EventDate "2008.??.??"]

1. e4 e6 2. Nc3 d5 3. exd5 exd5 4. d4 c6 5. Nf3 Bg4 6. Be2 Bd6 7. h3 Bh5 8. Be3
Nd7 9. Qd2 Ngf6 10. Bg5 h6 11. Bf4 Qc7 12. Qe3+ Kf8 13. Bxd6+ Qxd6 14. O-O-O
Re8 15. Qd2 Bg6 16. Nh4 Bh7 17. Rhe1 g5 18. Nf3 Kg7 19. g3 Re7 20. Nh2 Rhe8 21.
f4 Ne4 22. Nxe4 Rxe4 23. fxg5 Qxg3 24. gxh6+ Kh8 25. Ng4 f5 26. Ne5 Nxe5 27.
dxe5 Qxe5 28. Qg5 Re7 29. Rd2 f4 30. Qg4 Bf5 31. Qg2 Rb4 32. c3 Ra4 33. Rg1 Bh7
34. Bd3 Re8 35. Bxh7 Kxh7 36. Qg6+ Kh8 37. h7 Qe6 38. Qg7# 1-0

[Event "SR 3. liga A2 2008/2009"]
[Site "?"]
[Date "2008.12.14"]
[Round "4.6"]
[White "Obdrzalkova, Anitta"]
[Black "Husek, Lubomir"]
[Result "1-0"]
[WhiteElo "2005"]
[BlackElo "1738"]
[PlyCount "67"]
[EventDate "2008.??.??"]

1. d4 Nf6 2. Nf3 g6 3. c4 Bg7 4. Nc3 d6 5. e4 O-O 6. Be2 e5 7. O-O Nc6 8. d5
Ne7 9. Ne1 Nd7 10. Be3 f5 11. f3 f4 12. Bf2 g5 13. Nb5 b6 14. b4 a6 15. Nc3 Nf6
16. c5 bxc5 17. bxc5 Ng6 18. Nd3 h5 19. Nb4 Rf7 20. Nc6 Qe8 21. cxd6 cxd6 22.
Na4 Nd7 23. Rb1 Bf6 24. Qc2 Ne7 25. Rfc1 Rg7 26. Nxe7+ Bxe7 27. Qc6 Bb7 28.
Rxb7 Nc5 29. Qxe8+ Rxe8 30. Nxc5 dxc5 31. Rb6 g4 32. Re6 Rd8 33. Rxe7 Rxe7 34.
Bh4 1-0

[Event "SR 3. liga A2 2008/2009"]
[Site "?"]
[Date "2008.12.14"]
[Round "4.7"]
[White "Hrubos, Milan"]
[Black "Takacs, Laszlo"]
[Result "0-1"]
[WhiteElo "1713"]
[BlackElo "1726"]
[PlyCount "54"]
[EventDate "2008.??.??"]

1. e4 c5 2. Nf3 e6 3. d4 cxd4 4. Nxd4 Nf6 5. Nc3 Bb4 6. f3 Nc6 7. a3 Bc5 8. Nb3
Be7 9. Be3 b6 10. Qd2 Bb7 11. Be2 Rc8 12. O-O-O Ne5 13. g4 Nexg4 14. Rhg1 Nxe3
15. Qxe3 g6 16. Kb1 Qc7 17. Bd3 a6 18. e5 Nd5 19. Nxd5 Bxd5 20. Rg2 b5 21. Nd2
b4 22. a4 Qc6 23. b3 Qc3 24. Rg4 h5 25. Rg2 Bf8 26. Re2 Bc5 27. Qf4 Bd4 0-1

[Event "SR 3. liga A2 2008/2009"]
[Site "?"]
[Date "2008.12.14"]
[Round "4.8"]
[White "Mezei, Tibor"]
[Black "Pivacek, Jozef"]
[Result "1-0"]
[WhiteElo "1640"]
[BlackElo "1350"]
[PlyCount "55"]
[EventDate "2008.??.??"]

1. d4 d5 2. c4 e6 3. Nf3 Nf6 4. Bf4 Be7 5. Nc3 O-O 6. e3 a6 7. a3 dxc4 8. Bxc4
b5 9. Bd3 Bb7 10. Qc2 h6 11. b4 c6 12. h3 a5 13. Ne4 axb4 14. Nxf6+ Bxf6 15.
Ke2 bxa3 16. g4 g5 17. Be5 Nd7 18. h4 gxh4 19. Bd6 Be7 20. Bxe7 Qxe7 21. Rxh4
c5 22. Rxh6 c4 23. Be4 Bxe4 24. Qxe4 f5 25. gxf5 Nf6 26. Rg1+ Kf7 27. fxe6+
Qxe6 28. Ng5+ 1-0

[Event "SR 3. liga A2 2008/2009"]
[Site "?"]
[Date "2009.01.11"]
[Round "5.1"]
[White "Kovacocy, Pavel"]
[Black "Mihalik, Marek"]
[Result "1-0"]
[WhiteElo "2232"]
[BlackElo "2098"]
[Annotator ",Jozef"]
[PlyCount "85"]
[EventDate "2008.??.??"]

1. e4 c5 2. Nc3 Nc6 3. g3 d6 4. Bg2 g6 5. d3 Bg7 6. f4 e6 7. Nf3 Nge7 8. O-O
O-O 9. Be3 Rb8 10. d4 b6 11. Ne2 Ba6 12. Re1 d5 13. exd5 Nxd5 14. Bf2 Bxe2 15.
Rxe2 Nxd4 16. Nxd4 cxd4 17. Rd2 Ne7 18. Bxd4 Bxd4+ 19. Rxd4 Qc8 20. Qd2 Nf5 21.
Rd3 Rd8 22. Rxd8+ Qxd8 23. Rd1 Qc7 24. c3 Qc5+ 25. Qf2 Ne3 26. Rd3 Nxg2 27.
Kxg2 Qxf2+ $11 28. Kxf2 Rb7 29. Rd8+ Kg7 30. Ke3 h5 31. c4 Kf6 32. b4 Rc7 33.
Rd4 e5 34. fxe5+ Kxe5 35. Rd5+ Kf6 36. Kd4 Re7 37. c5 Re2 38. Kd3 Re6 39. Kc4
bxc5 40. bxc5 Re2 41. c6 Rxa2 42. Kc3 Ra6 43. Rc5 1-0

[Event "SR 3. liga A2 2008/2009"]
[Site "?"]
[Date "2009.01.11"]
[Round "5.2"]
[White "Manak, Jozef"]
[Black "Cechovic, Stefan"]
[Result "1/2-1/2"]
[WhiteElo "2009"]
[BlackElo "2186"]
[PlyCount "93"]
[EventDate "2008.??.??"]

1. e4 e5 2. Nf3 Nf6 3. Nxe5 d6 4. Nf3 Nxe4 5. d4 d5 6. c4 Bb4+ 7. Nbd2 O-O 8.
a3 Re8 9. Be2 Bxd2+ 10. Nxd2 Bg4 11. Nxe4 Bxe2 12. Qxe2 Rxe4 13. Be3 f5 14. g3
c5 15. O-O-O Qe7 16. Rhe1 cxd4 17. Rxd4 Rxd4 18. Bxd4 Qxe2 19. Rxe2 Nc6 20.
Bxg7 Kxg7 21. cxd5 Na5 22. Re7+ Kg6 23. b4 Nc4 24. Rxb7 Nxa3 25. d6 Rd8 26. d7
Nc4 27. Rxa7 Ne5 28. Kc2 Rxd7 29. Rxd7 Nxd7 30. Kd3 Kf6 31. Kc4 Ke5 32. f3 Kd6
33. Kb5 Ne5 34. f4 Nc6 35. Kc4 Na7 36. Kd4 Nb5+ 37. Kc4 Kc6 38. h3 h5 39. Kd3
Kd5 40. Ke3 Nd4 41. Kd3 Ne6 42. Ke3 Nd4 43. Kd3 Nb5 44. Ke3 Kc4 45. g4 hxg4 46.
hxg4 fxg4 47. f5 1/2-1/2